Первый всадник: [роман]; пер. с англ.

Detalhes bibliográficos
Autor principal: Кейз Дж. Джон
Resumo:Всадники Апокалипсиса вырвались на свободу. И имя первому— Мор... Легенда? Миф? Но — почему тогда команда ледокола, совершавшего экспедицию на далекий арктический остров, чтобы найти и доставить на родину тела погибших там людей, вернулась в полной растерянности и даже ужасе? Журналист Фрэнк Дейли начинает собственное расследование — и наталкивается на глухую стену молчания. На его вопросы просто не хотят отвечать. И кто-то, похоже, готов на все, чтобы он ПЕРЕСТАЛ ЗАДАВАТЬ СВОИ ВОПРОСЫ...
Idioma:russo
Publicado em: Москва, АСТ, 2006
Colecção:Интеллектуальный детектив
Assuntos:
Formato: MixedMaterials Livro
KOHA link:https://koha.lib.tpu.ru/cgi-bin/koha/opac-detail.pl?biblionumber=150022

MARC

LEADER 00000nam0a2200000 4500
001 150022
005 20231031150059.0
010 |a 5170329520 
035 |a (RuTPU)RU\TPU\book\162633 
090 |a 150022 
100 |a 20081224d2006 m y0rusy50 ca 
101 1 |a rus  |c eng 
102 |a RU 
105 |a y z 000ay 
200 1 |a Первый всадник  |e [роман]  |e пер. с англ.  |f Дж. Кейз 
210 |a Москва  |c АСТ  |d 2006 
215 |a 317 с. 
225 1 |a Интеллектуальный детектив 
330 |a Всадники Апокалипсиса вырвались на свободу. И имя первому— Мор... Легенда? Миф? Но — почему тогда команда ледокола, совершавшего экспедицию на далекий арктический остров, чтобы найти и доставить на родину тела погибших там людей, вернулась в полной растерянности и даже ужасе? Журналист Фрэнк Дейли начинает собственное расследование — и наталкивается на глухую стену молчания. На его вопросы просто не хотят отвечать. И кто-то, похоже, готов на все, чтобы он ПЕРЕСТАЛ ЗАДАВАТЬ СВОИ ВОПРОСЫ... 
610 1 |a американская литература 
610 1 |a романы 
610 1 |a приключения 
610 1 |a детективы 
675 |a 82  |v 3 
700 1 |a Кейз  |b Дж.  |g Джон 
801 1 |a RU  |b 63413507  |c 20081224  |g PSBO 
801 2 |a RU  |b 63413507  |c 20090111  |g PSBO 
942 |c BK